| 000 | 00442nam a2200181Ia 4500 | ||
|---|---|---|---|
| 001 | 3617 | ||
| 005 | 20260306145656.0 | ||
| 008 | 260306t1966||||xx |||||||||||||| ||spa|| | ||
| 041 | _aESP | ||
| 082 |
_a323.44 _bD16 |
||
| 100 |
_aDahrendorf, Ralf _eAUT |
||
| 245 | 0 |
_aSociedad y libertad: _bhacia un análisis sociológico de la actualidad |
|
| 260 | _c1966 | ||
| 300 |
_a _c |
||
| 650 | _aGEN | ||
| 654 | _aCHU | ||
| 942 |
_cLIB _dJUS _fJUS _2ddc _n |
||
| 999 |
_c3617 _d3617 |
||